Spoločný prieskum Dunaja
Spoločný prieskum Dunaja je najväčšou aktivitou v monitorovaní riek na svete. Jeho cieľom je poskytnúť porovnateľný a komplexný obraz o stave rieky Dunaj prostredníctvom monitorovania kvality vody, biodivrezity a miery znečistenia naprieč celým povodím Dunaja.
Gespeichert in:
| 1. Verfasser: | |
|---|---|
| Weitere Verfasser: | , |
| Format: | Buchkapitel |
| Sprache: | Slowakisch |
| Schlagworte: | |
| Tags: |
Keine Tags, Fügen Sie das erste Tag hinzu!
|
MARC
| LEADER | 00000naa a2200000 4500 | ||
|---|---|---|---|
| 001 | 0311576 | ||
| 005 | 20250714094548.1 | ||
| 041 | 0 | |a slo | |
| 044 | |a SK | ||
| 245 | 1 | 0 | |a Spoločný prieskum Dunaja |c Martina Hrůzová, Michal Kirchner, Jarmila Makovinská |
| 520 | |a Spoločný prieskum Dunaja je najväčšou aktivitou v monitorovaní riek na svete. Jeho cieľom je poskytnúť porovnateľný a komplexný obraz o stave rieky Dunaj prostredníctvom monitorovania kvality vody, biodivrezity a miery znečistenia naprieč celým povodím Dunaja. | ||
| 610 | 2 | 0 | |a prieskum |
| 610 | 2 | 0 | |a monitoring |
| 610 | 2 | 0 | |a rieky |
| 610 | 2 | 0 | |a rieky medzinárodné |
| 610 | 2 | 0 | |a voda |
| 610 | 2 | 0 | |a kvalita vody |
| 610 | 2 | 0 | |a diverzita biologická |
| 610 | 2 | 0 | |a znečistenie vôd |
| 610 | 2 | 0 | |a Dunaj |
| 100 | 1 | |a Hrúzová, Martina | |
| 700 | 1 | |a Kirchner, Michal | |
| 700 | 1 | |a Makovinská, Jarmila | |